La conquete de l' Amérique: La question de l' autre
Wedi'i Gadw mewn:
| Prif Awdur: | |
|---|---|
| Fformat: | Anhysbys |
| Cyhoeddwyd: |
Francia:
Seuil,
c1982
|
| Pynciau: | |
| Tagiau: |
Ychwanegu Tag
Dim Tagiau, Byddwch y cyntaf i dagio'r cofnod hwn!
|
MARC
| LEADER | 000000000a22000000004500 | ||
|---|---|---|---|
| 001 | 000009 | ||
| 020 | |a 2-02-006147-3 | ||
| 092 | 0 | |a 980 T639c | |
| 100 | 1 | |a Todorov, Tzvetan, 1939- | |
| 245 | 1 | 0 | |a La conquete de l' Amérique: La question de l' autre |
| 260 | |a Francia: |b Seuil, |c c1982 | ||
| 300 | |a 278 páginas | ||
| 500 | |a Número de inscripción 00912 (fotocopia) y 13432 | ||
| 650 | 4 | |a AMERICA | |
| 650 | 4 | |a CONQUISTA Y COLONIZACION | |
| 999 | |c 960 |d 960 | ||



